| 000 | 01572nam a2200337 a 4500 | ||
|---|---|---|---|
| 001 | 000006884 | ||
| 003 | DO-SdBNP | ||
| 005 | 20260415175501.0 | ||
| 008 | 090903s1980 dr 001 0 spa d | ||
| 040 |
_aDO-SdBNP _bspa _cDO-SdBNP |
||
| 082 | 4 |
_a343.056 _bA532d _222 |
|
| 100 | 1 |
_aAnabalon Ramírez, Carlos _919098 |
|
| 245 | 1 | 0 |
_aDerecho tributario aduanero / _cCarlos Anabalon Ramírez. |
| 260 |
_aSanto Domingo : _bInstituto de Capacitación Tributaria, _c1980. |
||
| 300 |
_a270 p. ; _c21 cm. |
||
| 490 | 1 |
_aTemas aduaneros _v7 |
|
| 500 | _aMaterial de apoyo para los programas desarrollados por el Instituto de Capacitación Tributaria. | ||
| 504 | _aIncluye referencias bibliográfica y notas al pie de páginas. | ||
| 505 | 0 |
_aDerecho tributario aduanero -- _tFuentes del derecho tributario aduanero -- _tAnálisis jurídico de las estructuras técnicas de la imposición al comercio exterior -- _tEl delito de contrabando -- _tEl aforo aduanero -- _tLos agentes de aduanas. |
|
| 590 | _aInventariado, 2018/VM | ||
| 650 | 1 | 0 |
_aAranceles de aduana -- _xLeyes y Legislación _919099 |
| 650 | 1 | 4 |
_aLegislación aduanera _zRepública Dominicana _99337 _2Lemb |
| 650 | 1 | 0 |
_aImpuestos _xLeyes y legislación _99338 |
| 650 | 1 | 4 |
_aAforo (aduanas) _99336 |
| 650 | 1 | 4 |
_aLeyes _zRepública Dominicana _vÍndice _919100 _2Lemb |
| 710 | 1 |
_aRepública Dominicana. _bSecretaría de Estado de Finanzas. _bInstituto de Capacitación Tributaria _99333 |
|
| 830 | 0 |
_aTemas aduaneros _919101 _n7 |
|
| 910 | _aValidado. Control de calidad EMS | ||
| 942 |
_2ddc _cLF1 |
||
| 956 | _aVMateo | ||
| 999 |
_c6672 _d6672 |
||